Statistiques concernant Nom du joueur Marseillais #1

Cliquez ici pour prendre le quiz!

Statistiques générales

  • Ce quiz a été pris 45 fois
  • Le résultat moyen est 15 sur 20

Statistiques - réponses

Réponse% Correct
Valère Germain
97%
Arkadiusz Milik
95%
Kostas Mitroglou
95%
Chancel Mbemba
89%
Jean-Pierre Papin
89%
Léandro Balerdi
89%
André Ayew
84%
Basile Boli
84%
Lucas Ocampos
84%
Brice Samba
81%
Jordan Ayew
76%
César Azpilicueta
73%
Benjamin Mendy
68%
Pol Lirola
65%
Joey Barton
62%
Aymen Abdenour
59%
Faris Moumbagna
59%
Abou Diaby
57%
Grégory Sertic
57%
Marius Trésor
43%

Distribution des résultats

Percentile par nombre de réponses

% des personnes avec chaque résultat

Votre développement - résultats

Vous n’avez pas pris ce quiz